| 000 | 01519 a2200229 4500 | ||
|---|---|---|---|
| 001 | 12734 | ||
| 005 | 20260407155440.0 | ||
| 008 | 260407a2008 arg spa d | ||
| 003 | AR-UNSa-BCEJYS | ||
| 040 |
_aAR-UNSa-BCEJYS _bspa _cAR-UNSa-BCEJYS |
||
| 080 |
_a94:33 _xHistoria económica |
||
| 245 | 1 | 0 |
_aHistoria económica y social del mundo contemporáneo _pejes para su comprensión |
| 020 | _a978-987-01-0806-1 | ||
| 264 | 1 |
_aBuenos Aires : _bErrepar _c2008 |
|
| 300 |
_axii, 193 p. _c27 cm. |
||
| 505 | _a1. Una introducción al mundo contemporáneo - 2. La revolución industrial en Inglaterra - 3. Cambios sociales y políticos y avances del capitalismo industrial - 4. La segunda revolución industrial - 5. Los Estados Unidos de América: surgimiento de una nación industrial - 6. Europa entre las dos guerras - 7. Del imperio de los zares a la revolución rusa. Construcción y derrumbe de la Unión Soviética - 8. Estados Unidos y la crisis de 1929 - 9. El mundo al término de la segunda guerra mundial: de los años de oro a la "estanflación" - 10. La guerra fría - 11. La crisis del petróleo - 12. La globalización financiera y el nuevo orden mundial - 13. Procesos de integración económica regional | ||
| 942 | _cBK | ||
| 590 | _aniveau_biblio:m niveau_hierar:0 | ||
| 100 | 1 | _aMonserrat Llairó, María de | |
| 700 | 1 | _aDíaz, Marcela V. | |
| 856 | 4 | 1 |
_uhttps://biblioeco.unsa.edu.ar/pmb/images/libros/Historia economica y social del mundo contemporaneo-l118596.jpg _yImagen de portada _qimage/jpeg |
| 999 |
_c500 _d500 |
||